000 00428nam a2200181Ia 4500
003 GCL
008 140319s9999 xx 000 0 eng d
040 _aGCL /
_cGCL
082 0 4 _aCH.
_b372.216
_bF A
100 1 _aFUKUDA,YU
245 1 0 _aANIMAL FAMILY /
_cFUKUDA,YU
260 _a[S.N] :
_bFROEBEL- KAN CO
650 0 4 _aSTUDY AND TEACHING
650 0 4 _aREADING
650 0 4 _aCHILDREN
650 0 4 _aTALES
942 _2ddc
_cBK
999 _c18074
_d18074